Hegyi beszéd a Szent Anna-tónál

Bibliographic Details
Main Author: Faludy, György, 1910-2006 (Author)
Format: Article
Language:Hungarian
Slovak
ISSN:1336-5088
Subjects:

MARC

LEADER 00000nab a2200000 ar4500
001 vtls008408736
003 SK-MaSNL
005 20260303070109.0
008 051109c2005 xo |||||||| |000 b|hun
015 |a SNBRB2005/11  |2 snkbucl 
038 |a SNKBUCL 
040 |a DSZK  |b slo  |c DSZK  |e AACR2 
041 0 |a slo 
044 |a xo  |c SK 
080 |a 821.511.141-4=511.141  |2 UDC-MRF-SK2 
100 1 |a Faludy, György,  |d 1910-2006  |4 aut  |9 119691 
245 1 0 |a Hegyi beszéd a Szent Anna-tónál  |c Faludy György 
650 0 7 |a eseje, maďarské  |2 snkbucl  |9 582855 
773 0 |t Irodalmi szemle  |g Évf. XLVIII, sz. 10 (2005), o. 29-31  |x 1336-5088 
852 |a SNK  |b KIS3GCP 
852 |a DSZK  |b KIS3GCP 
958 |a HU 
958 |a LX 
999 |c 1753948  |d 1755878